Guess the NBA player by their picture Part-3 - Statistics

General Stats
  • This quiz has been taken 60 times
  • The average score is 14 of 16
Answer Stats
Picture Answer % Correct
Klay Thompson
100%
Dejounte Murray
96%
Jamal Murray
96%
Rudy Gobert
96%
Domantas Sabonis
94%
Marcus Smart
94%
Deandre Ayton
92%
Jordan Poole
92%
Andrew Wiggins
91%
Jarrett Allen
91%
Tyrese Haliburton
89%
Cade Cunningham
87%
Dillon Brooks
87%
Tyrese Maxey
87%
Fred Vanvleet
81%
RJ Barrett
74%
No matching quizzes found
Score Distribution
Percent of People with Each Score
Percentile by Number Answered
Your Score History
You have not taken this quiz